Good essay writin: (Record no. 3470)

MARC details
000 -LEADER
fixed length control field 00474nam a22001817a 4500
003 - CONTROL NUMBER IDENTIFIER
control field OSt
005 - DATE AND TIME OF LATEST TRANSACTION
control field 20230621135717.0
008 - FIXED-LENGTH DATA ELEMENTS--GENERAL INFORMATION
fixed length control field 230621b |||||||| |||| 00| 0 eng d
020 ## - INTERNATIONAL STANDARD BOOK NUMBER
International Standard Book Number 9781473982161
040 ## - CATALOGING SOURCE
Original cataloging agency DLC
Language of cataloging en
Transcribing agency DLC
050 ## - DUCE LIBRARY CALL NUMBER
Classification number DUCE PE 3471 R43
100 ## - AUTHOR
Personal name Redman, P.
Fuller form of name Peter Redman.
245 ## - TITLE STATEMENT
Title Good essay writin:
Remainder of title a social science guide/
250 ## - EDITION STATEMENT
Edition statement 5th.
260 ## - PUBLISHER
Place of publication London:
Name of publisher Sage,
Date of publication 2017.
300 ## - PHYSICAL DESCRIPTION
Volume, Pages xi, 184 p.:
Other physical details ill.;
Dimensions 24 cm.
942 ## - ADDED ENTRY ELEMENTS (KOHA)
Source of classification or shelving scheme Library of Congress Classification
Koha item type Books
Suppress in OPAC No
Holdings
Withdrawn status Lost status Source of classification or shelving scheme Damaged status Not for loan Collection Home library Current library Shelving location Date acquired Total checkouts Full call number Barcode Date last seen Copy number Price effective from Koha item type
    Library of Congress Classification   Not For Loan Special Reserve DUCE LIBRARY DUCE LIBRARY Humanities: Shelf P95.45. B87 – PE1417. M45 06/21/2023   DUCE PE 3471 R43 000000171293 06/21/2023 1 06/21/2023 Books